| 000 | 00386nam a2200157Ia 4500 | ||
|---|---|---|---|
| 008 | 230917s9999||||xx |||||||||||||| ||und|| | ||
| 040 |
_e26592 _aMAIN |
||
| 041 | _aEnglish | ||
| 082 | _a519.5 G643O | ||
| 100 | _aGoon, A M | ||
| 245 | 0 | _aOutline of statistical theory | |
| 250 | _a3rd ed. | ||
| 260 |
_aCalcutta _bThe World Press _c1988 |
||
| 300 | _aV1-516 p. ; V2-551 | ||
| 942 | _cBK | ||
| 999 |
_c70176 _d70176 |
||